| 000 | 00520nam a2200205Ia 4500 | ||
|---|---|---|---|
| 008 | 170918s9999 xx 000 0 und d | ||
| 020 | _a9780531213476 | ||
| 050 | _bB421 2009 | ||
| 100 | _aBehrens, Janice | ||
| 245 | _aWe are alike, we are different / | ||
| 245 | _cby Janice Behrens. | ||
| 260 | _aNew York : | ||
| 260 | _bScholastic, | ||
| 260 | _c2009 | ||
| 300 | _a24 pages : | ||
| 300 | _bcolored illustration ; | ||
| 300 | _c20cm. | ||
| 440 | _aScholastic news : nonfiction readers. | ||
| 500 | _a130 | ||
| 999 |
_c342980 _d342980 |
||